000 00707nam a22001935i 4500
001 166021
003 ES-MaACL
005 20230906213240.0
008 020111s1900 sp |||| | spa d
100 1 _aTápia y Gil, Ambrosio.
_9133427
245 1 4 _aLos suicidios en Cataluña y en general en toda España /
_cAmbrosio Tápia.
260 _aBarcelona :
_b[s.n.],
_c1900 (
_fTipolitografía de Luis Tasso)
300 _a237 p. ;
_c20 cm.
530 _aDisponible en formato digital.
650 4 _aSuicidio-
_zCataluña.
_9173447
650 4 _aSuicidio-
_zEspaña.
_9151685
852 4 _aES-MaACL
_jG-1848
_z- Enc. hol.
856 4 _uhttps://archive.org/details/lossuicidiosenc00tpgoog
_zInternet Archive
999 _c166021
_d166021